Statistics for Richest Person in each U.S. State

Click here to take the quiz!

General Stats

  • This quiz has been taken 16 times
  • The average score is 5 of 50

Answer Stats

HintAnswer% Correct
TexasElon Musk
90%
WashingtonJeff Bezos
80%
South CarolinaAnita Zucker
60%
ArkansasJim Walton
50%
NebraskaWarren Buffett
50%
HawaiiLarry Ellison
40%
MassachusettsAbigail Johnson
20%
KansasCharles Koch
20%
NevadaSheldon Adelson
20%
MichiganDan Gilbert
10%
IndianaGayle Cook
10%
West VirginiaJim Justice
10%
GeorgiaJim Kennedy
10%
New YorkLeon Black
10%
OregonPhil Knight
10%
ColoradoCharles Ergen
0%
MontanaDennis Washington
0%
South DakotaDenny Sanford
0%
CaliforniaDonald Bren
0%
DelewareElizabeth Snyder
0%
ArizonaErnest Garcia ll
0%
IdahoFrank VanderSloot
0%
North DakotaGary Tharaldson
0%
OklahomaGeorge Kaiser
0%
IowaHarry Stine
0%
VirginiaJacqueline Mars
0%
North CarolinaJames Goodnight
0%
AlabamaJimmy Rane
0%
VermontJohn Abele
0%
WyomingJohn Mars
0%
WisconsinJohn Menard Jr.
0%
PennsylvaniaJohn S. Middleton
0%
Rhode IslandJonathan Nelson
0%
AlaskaJonathan Rubini
0%
IllinoisKen Griffin
0%
MississippiLeslie Lampton
0%
OhioLes Wexner
0%
New MexicoMack C. Chase
0%
UtahMatthew Prince
0%
LouisianaMatt Stuller
0%
MarylandMitchell Rales
0%
MissouriPauline MacMillan Keinath
0%
ConnecticutRay Dalio
0%
New HampshireRick Cohen
0%
New JerseyRocco Commisso
0%
MaineSusan Alfond
0%
KentuckyTamara Gustavsonis
0%
TennesseeThomas Frist Jr
0%
FloridaThomas Peterffy
0%
MinnesotaWhitney MacMillan
0%

Score Distribution

Percentile by Number Answered

Percent of People with Each Score

Your Score History

You have not taken this quiz